00330nam a2200121Ia 4500008004100000082001500041100001800056245003000074260002900104300000900133630001800142650004800160211109s9999||||xx |||||||||||||| ||und|| a821bSCO-L aScott, Walter 0aLay of the Last Minstrel. bUn KnownaMisplacec1917 axxiv xGeneral Stack aEnglish LiteraturevEnglish PoetryxEnglish